000 00646nam a2200205Ia 4500
001 L808-33189
003 IT-CnALBA
008 170116s9999||||xx |||||||||||||| ||und||
040 _aIT-CnALBA
_cIT-CnALBA
041 _aITALIANO
100 _aVERNE JULES
245 0 _aVIAGGI STRAORDINARI. SECONDA PATRIA. VOL. II.
250 _a1a ed.
260 _aMILANO
_bCARRARA P. LIBR. EDUCAZ. ISTRUZ.
_cn.d.
300 _a285 p.
501 _aSocietà San Paolo EM - Piazza San Paolo, 14 - 12051 ALBA (CN) (non commercial uses only) ® Copyright 2017
650 _aNARRATIVA DI VARIE LETTERATURE - ROMANZI
942 _cBK
957 _71
999 _a37958
_bNO
_g Copie: 1
_c292022
_d292022